| 000 | 02568nam0a2200385 4500 | ||
|---|---|---|---|
| 001 | RU\NLR\BIBL_A\012736041 | ||
| 005 | 20231206093732.0 | ||
| 010 |
_a978-5-17-145543-9 _92500 |
||
| 021 |
_aRU _bКН-П-21-085385 _9КН-П-21-6800 |
||
| 035 | _a(NLR Aleph) 012736041 | ||
| 035 | _a(RuMoRGB)010907794 | ||
| 090 |
_a12987529 _c12987529 |
||
| 100 | _a20220322d2021 u y0rusy50 ca | ||
| 101 | 0 |
_arus _aeng |
|
| 102 | _aRU | ||
| 105 | _ay|||z|||000ay | ||
| 181 | 0 |
_ai4 _baxxe |
|
| 182 | 0 | _an | |
| 200 | 1 |
_aСамые лучшие английские легенды с произношением _fадаптация текста, комментарии и составление словаря С. А. Матвеева, A. С. Бохенек |
|
| 203 |
_aТекст _bвизуальный _cнепосредственный |
||
| 210 |
_aМосква _cLingua _cАСТ _d2021 |
||
| 215 |
_a222, [1] с. _d21 |
||
| 225 | 1 | _aУчимся читать с транскрипцией | |
| 300 | _aТекст англ., рус. | ||
| 327 | 1 | _aСодерж.: King Arthur; The Thumb; The Wishing Ring; The Princess of Canterbury; Lady Godiva; Beowulf | |
| 330 | _aВ книгу вошли самые известные английские легенды, такие как <King Arthur>, <Lady Godiva>, <Beowulf> и другие. Тексты подготовлены для начального уровня владения английским языком. Под каждым словом добавлена транскрипция, соответствующая международной фонетической системе IPA. В конце книги расположен небольшой англо-русский словарь. Издание предназначено для всех, кто изучает английский язык и стремится достичь успехов. Чтение в оригинале это прекрасная возможность познакомиться с культурой страны изучаемого языка | ||
| 333 | _a12+ | ||
| 606 | 1 |
_aАнглийский язык _jКниги для чтения _9972309 _3RU\NLR\AUTH\6646032 |
|
| 675 |
_a811.111(075.4) _v4 |
||
| 686 | 1 | _aШ143.21-93рус91 | |
| 702 | 1 |
_4010 _7ca _8rus _aМатвеев _bС. А. _cлингвист, философ _gСергей Александрович _915334 _3RU\NLR\AUTH\7732325 |
|
| 942 | _cBOOK | ||
| 980 | _aNB | ||